| 000 | 01382nam0a2200349 4500 | ||
|---|---|---|---|
| 001 | RU\NLR\bibl\354084 | ||
| 005 | 20250621154552.0 | ||
| 010 |
_a5-900835-29-4 _bВ пер. _910000 |
||
| 021 |
_aRU _b2002-49992 _92418 |
||
| 035 | _a(NLR Aleph) 000348769 | ||
| 090 |
_a262632 _c262632 |
||
| 100 | _a20021219d2002 |||y0rusy50 ca | ||
| 101 | 0 | _arus | |
| 102 | _aRU | ||
| 105 | _aa ||||||||| | ||
| 200 | 1 |
_aТехническая документация на муфты для силовых кабелей с бумажной и пластмассовой изоляцией напряжением до 10 кВ _fРедкол.: Белоцерковец В. В. (исполн. ред.) и др. |
|
| 205 | _a3-е изд. | ||
| 210 |
_aМ. _cЭнергосервис _d2002 |
||
| 215 |
_a345 с. _cил. _d22 |
||
| 606 | 0 |
_aКабельные муфты _jТехническая документация _91222494 _3RU\NLR\auth\66497595 |
|
| 610 | 0 | _aКабели силовые - Муфты - Техническая документация | |
| 675 |
_a621.315.016.2 _v3 _zrus |
||
| 686 |
_a44 _2rugasnti |
||
| 686 |
_a31.2 _2rubbk |
||
| 686 | _aЗ279.03-046ф8 | ||
| 702 | 1 |
_aБелоцерковец _bВ. В. _4340 |
|
| 801 | 0 |
_aRU _bRKP _c20021219 _gPSBO |
|
| 801 | 1 |
_aRU _bRKP _c20021219 |
|
| 801 | 2 |
_aRU _bNLR _c20030324 _grcr |
|
| 942 | _cBOOK | ||
| 980 | _aNB | ||